LEADER 00703nam a2200193 i 4500 001 000000191266 003 CaOOAMICUS 005 20100722000000.0 008 100722s1929 gw u000 u ger u 013 $a169785 040 $aSeMil$bita 100 1 $aBaur, Chrysostumus .$0(OLS)http://semarc/name/9625 245 10$aAntiochien. 300 $aXL, 330 p., [1] c. di tav. 773 0 $aBaur, Chrysostumus $tHeilige Johannes Chrysostomus und seine zeit.$dMünchen : Max Hueber, 1929-1930.$gBand1$w()23525 850 $aSeMil 852 $aSeMil$W1$xVenegono$y1$m2U III 1$j141880$B141880$CSeMilBibl$Z2$F153470 $81 961 $aOmaggio: Altro 996 $6245$aAntiochien$9(OLS)http://semarc/title/275600 LEADER 00915nam a2200229 i 4500 001 000000044173 003 CaOOAMICUS 005 20091005000000.0 008 091005s1970 gw u000 u ger u 013 $a15343 040 $aSeMil$bita 100 1 $aWolfdieter, Theurer.$0(OLS)http://semarc/name/21976 245 14$aDas Programm Gott /$cTheurer Wolfdieter. 260 $aBergen-Enkheim bei Frankfurt a/M :$bG. Kaffke,$c1970. 300 $a243 p. ;$c19 cm. 490 0 $aTheologische Brennpunkte ;$v18./19 650 4$aDio.$0(OLS)http://semarc/subject/4429 830 0$aTheologische Brennpunkte ;$v18./19.$0(OLS)http://semarc/title/29408 850 $aSeMil 852 $aSeMil$W1$xVenegono$y1$m2B III 365$j10328$B10328$CSeMilBibl$Z2$F10328 $81 996 $6245$aDas Programm Gott$9(OLS)http://semarc/title/65239 996 $6260$aBergen-Enkheim bei Frankfurt a/M :$bG. Kaffke$9(OLS)http://semarc/publisher/35655